Los historiadores y sus libros
Сохранить в:
| Главный автор: | |
|---|---|
| Формат: | Неизвестно |
| Язык: | английский |
| Опубликовано: |
Madrid, España.
Guillermo Escolar Editor,
2021
|
| Редактирование: | 1a.edición |
| Серии: | Euroamericana
|
| Предметы: | |
| Метки: |
Добавить метку
Нет меток, Требуется 1-ая метка записи!
|
MARC
| LEADER | 00000 a2200000 4500 | ||
|---|---|---|---|
| 003 | CL-VaPUC | ||
| 005 | 20211022093036.0 | ||
| 008 | 210422b ||||| |||| 00| 0 eng d | ||
| 999 | |c 432850 |d 432848 | ||
| 020 | |a 978-84-18093-70-8 | ||
| 040 | |c Pontificia Universidad Católica de Valparaíso | ||
| 082 | |a 907.202 MEG 2021 | ||
| 100 | 1 | |a Meglioli, Mauricio |9 860671 | |
| 245 | 1 | 4 | |a Los historiadores y sus libros |
| 250 | |a 1a.edición | ||
| 260 | |a Madrid, España. |b Guillermo Escolar Editor, |c 2021 | ||
| 300 | |a 347 páginas | ||
| 440 | |a Euroamericana |9 861146 | ||
| 583 | |k Cristina Rojas |c 20210422 | ||
| 650 | |a Historiadores |x Libros |9 861160 | ||
| 650 | |a Historiadores |x Entrevistas |9 861161 | ||
| 942 | |2 ddc |c BK | ||
| 952 | |0 0 |1 0 |2 ddc |4 0 |6 907_202000000000000_MEG_2021 |7 0 |8 A |9 577960 |a BIBHIS |b BIBHIS |d 2021-06-01 |e 2 |g 19925.00 |i 558387K |o 907.202 MEG 2021 |p 558387K |r 2025-01-20 |t 1 |v 19925.00 |w 2021-06-01 |y BK |k HIS | ||